| 000 | 00400nam a22001697a 4500 | ||
|---|---|---|---|
| 005 | 20251108172405.0 | ||
| 008 | 250721s1956 xx 000 0 eng d | ||
| 082 | 1 | 4 | _aF/ELG |
| 100 | 1 | _aElgin, Kathleen | |
| 245 | 1 | 0 | _aNorse legends / |
| 264 | 1 |
_aLondon : _bEdmund Ward, _c1956. |
|
| 300 | _a69p. | ||
| 490 | 0 | _aThe first book of ;72 | |
| 650 | 1 | 7 | _aFiction |
| 942 |
_2ddc _cBK |
||
| 999 |
_c78071 _d78071 |
||